Southville International School and Colleges
Your cart is empty.
  • Cart
  • Lists
    Public lists Eva Luna New books Lux_list list_1
    Your lists Log in to create your own lists
  • Log in to your account
  • Your cookies
  • Search history
Southville International School and Colleges
  • Advanced search
  • Recent comments
  • Most popular
  • Libraries

Log in to your account

Log in with GOOGLE


If you do not have an external account, but do have a local account, you can still log in:

  1. Home
  2. MARC view: Persuasion
Normal view MARC view ISBD view

Persuasion (Record no. 11077)

[ view plain ]
MARC details
000 -LEADER
fixed length control field 00641nam a22002535a 4500
001 - CONTROL NUMBER
control field 15096647
003 - CONTROL NUMBER IDENTIFIER
control field LC
005 - DATE AND TIME OF LATEST TRANSACTION
control field 20160223101542.0
008 - FIXED-LENGTH DATA ELEMENTS--GENERAL INFORMATION
fixed length control field 071128s2007 wyu 000 0 eng
010 ## - LIBRARY OF CONGRESS CONTROL NUMBER
LC control number 2007942265
020 ## - INTERNATIONAL STANDARD BOOK NUMBER
International Standard Book Number 978553211375
040 ## - CATALOGING SOURCE
Original cataloging agency DLC
Transcribing agency DLC
050 ## - LIBRARY OF CONGRESS CALL NUMBER
Classification number PR 4034
Item number .Au933 1818
082 ## - DEWEY DECIMAL CLASSIFICATION NUMBER
Classification number FIC
Item number Au7p 2008
100 1# - MAIN ENTRY--PERSONAL NAME
Personal name Austen, Jane.
9 (RLIN) 3072
245 10 - TITLE STATEMENT
Title Persuasion
Statement of responsibility, etc Jane Austen
260 ## - PUBLICATION, DISTRIBUTION, ETC. (IMPRINT)
Place of publication, distribution, etc New York :
Name of publisher, distributor, etc Bantam books,
Date of publication, distribution, etc c1818.
263 ## - PROJECTED PUBLICATION DATE
Projected publication date 0711
300 ## - PHYSICAL DESCRIPTION
Extent 275 p. :
Dimensions 17 cm.
906 ## - LOCAL DATA ELEMENT F, LDF (RLIN)
a 0
b ibc
c orignew
d 2
e epcn
f 20
g y-gencatlg
942 ## - ADDED ENTRY ELEMENTS (KOHA)
Source of classification or shelving scheme Library of Congress Classification
Koha item type Books
Holdings
Withdrawn status Lost status Source of classification or shelving scheme Damaged status Home library Current library Shelving location Date acquired Total Checkouts Full call number Barcode Date last seen Date checked out Copy number Price effective from Koha item type
    Library of Congress Classification   Luxembourg Library Luxembourg Library Fiction Section 09/12/2013 1 PR 4034 .Au933 1818 18355 02/15/2023 02/07/2023 1 09/12/2013 Books

Persuasion

APA

Austen J., . (1818). Persuasion. New York: Bantam books.

Chicago

Austen Jane, . 1818. Persuasion. New York: Bantam books.

Harvard

Austen J., . (1818). Persuasion. New York: Bantam books.

MLA

Austen Jane, . Persuasion. New York: Bantam books. 1818.

  • Place hold
  • Print
  • Cite
  • Add to your cart (remove)
  • Save record
    BIBTEX Dublin Core MARCXML MARC (non-Unicode/MARC-8) MARC (Unicode/UTF-8) MARC (Unicode/UTF-8, Standard) MODS (XML) RIS
  • More searches
    Search for this title in:
    Other Libraries (WorldCat) Other Databases (Google Scholar) Online Stores (Bookfinder.com) Open Library (openlibrary.org)

Exporting to Dublin Core...

SOUTHVILLE LIBRARY

Southville International School and Colleges Library

1281 Tropical Ave. Cor. Luxembourg St., BF Homes International, Las Pinas City

Tel. No. 8256374 / 252358 Loc. 117/146

Powered by Koha